<?xml version="1.0" encoding="UTF-8"?>
<record
    xmlns:xsi="http://www.w3.org/2001/XMLSchema-instance"
    xsi:schemaLocation="http://www.loc.gov/MARC21/slim http://www.loc.gov/standards/marcxml/schema/MARC21slim.xsd"
    xmlns="http://www.loc.gov/MARC21/slim">

  <leader>01102nam a22002535a 4500</leader>
  <controlfield tag="001">17838426</controlfield>
  <controlfield tag="003">46093</controlfield>
  <controlfield tag="005">20250610152705.0</controlfield>
  <controlfield tag="007">ta</controlfield>
  <controlfield tag="008">130714s2012    gt            000 0 spa  </controlfield>
  <datafield tag="020" ind1=" " ind2=" ">
    <subfield code="a">9992259973</subfield>
  </datafield>
  <datafield tag="035" ind1=" " ind2=" ">
    <subfield code="a">(NcChVT)VT131GT062</subfield>
  </datafield>
  <datafield tag="040" ind1=" " ind2=" ">
    <subfield code="a">46093</subfield>
    <subfield code="c">46093</subfield>
    <subfield code="d">46093</subfield>
  </datafield>
  <datafield tag="041" ind1=" " ind2=" ">
    <subfield code="a">spa</subfield>
    <subfield code="e">spa</subfield>
    <subfield code="h">spa</subfield>
  </datafield>
  <datafield tag="082" ind1=" " ind2=" ">
    <subfield code="a">S.G. 070.009 B276</subfield>
  </datafield>
  <datafield tag="100" ind1="1" ind2="0">
    <subfield code="a">Barrios y Barrios, Catalina. /</subfield>
    <subfield code="9">1465</subfield>
  </datafield>
  <datafield tag="245" ind1="1" ind2="0">
    <subfield code="a">Estudio hist&#xF3;rico del periodismo Guatemalteco:</subfield>
    <subfield code="c">Catalina Barrios y Barrios.</subfield>
    <subfield code="h">libro</subfield>
    <subfield code="b">(&#xC9;poca colonial y Siglo XIX). /</subfield>
  </datafield>
  <datafield tag="264" ind1=" " ind2="0">
    <subfield code="a">Guatemala :</subfield>
    <subfield code="b">Editorial Universitaria; USAC,</subfield>
    <subfield code="c">c.2003</subfield>
  </datafield>
  <datafield tag="300" ind1=" " ind2=" ">
    <subfield code="a">462 p.; ;</subfield>
    <subfield code="c">24 cm.</subfield>
  </datafield>
  <datafield tag="490" ind1="0" ind2=" ">
    <subfield code="a">Colecci&#xF3;n Monograf&#xED;as</subfield>
  </datafield>
  <datafield tag="520" ind1=" " ind2=" ">
    <subfield code="a">Estudio exhaustivo de Barrios sobre el periodismo y los peri&#xF3;dicos guatemaltecos de la &#xE9;poca, haciendo menci&#xF3;n del saqueo de patrimonio, cultural, documental que alcanz&#xF3; el periodismo antiguo, ya que no se encuentra en el pa&#xED;s ejemplares como; la Gazeta de Guatemala, por la falta de una hemeroteca.</subfield>
  </datafield>
  <datafield tag="650" ind1=" " ind2=" ">
    <subfield code="2">Periodismo - federaci&#xF3;n</subfield>
    <subfield code="v">Periodismo - transici&#xF3;n</subfield>
    <subfield code="9">13042</subfield>
  </datafield>
  <datafield tag="942" ind1=" " ind2=" ">
    <subfield code="2">ddc</subfield>
    <subfield code="c">BK</subfield>
    <subfield code="n">0</subfield>
  </datafield>
  <datafield tag="999" ind1=" " ind2=" ">
    <subfield code="c">3533</subfield>
    <subfield code="d">3533</subfield>
  </datafield>
  <datafield tag="952" ind1=" " ind2=" ">
    <subfield code="0">0</subfield>
    <subfield code="1">0</subfield>
    <subfield code="2">ddc</subfield>
    <subfield code="4">0</subfield>
    <subfield code="7">0</subfield>
    <subfield code="8">NFIC</subfield>
    <subfield code="a">CUQ</subfield>
    <subfield code="b">CUQ</subfield>
    <subfield code="c">DISPLAY</subfield>
    <subfield code="d">2024-08-22</subfield>
    <subfield code="e">Donaci&#xF3;n</subfield>
    <subfield code="i">IVGL 000253</subfield>
    <subfield code="l">0</subfield>
    <subfield code="o">S.G. 070.009 B276e</subfield>
    <subfield code="p">500205</subfield>
    <subfield code="r">2024-08-22 11:34:21</subfield>
    <subfield code="t">c.1</subfield>
    <subfield code="w">2024-08-22</subfield>
    <subfield code="y">BK</subfield>
  </datafield>
  <datafield tag="952" ind1=" " ind2=" ">
    <subfield code="0">0</subfield>
    <subfield code="1">0</subfield>
    <subfield code="2">ddc</subfield>
    <subfield code="4">0</subfield>
    <subfield code="7">0</subfield>
    <subfield code="8">NFIC</subfield>
    <subfield code="a">CUQ</subfield>
    <subfield code="b">CUQ</subfield>
    <subfield code="c">DISPLAY</subfield>
    <subfield code="d">2024-08-22</subfield>
    <subfield code="e">Donaci&#xF3;n</subfield>
    <subfield code="i">IVGL 000254</subfield>
    <subfield code="l">0</subfield>
    <subfield code="o">S.G. 070.009 B276e</subfield>
    <subfield code="p">500206</subfield>
    <subfield code="r">2024-08-22 11:34:21</subfield>
    <subfield code="t">c.2</subfield>
    <subfield code="w">2024-08-22</subfield>
    <subfield code="y">BK</subfield>
  </datafield>
  <datafield tag="952" ind1=" " ind2=" ">
    <subfield code="0">0</subfield>
    <subfield code="1">0</subfield>
    <subfield code="2">ddc</subfield>
    <subfield code="4">0</subfield>
    <subfield code="7">0</subfield>
    <subfield code="8">NFIC</subfield>
    <subfield code="a">CUQ</subfield>
    <subfield code="b">CUQ</subfield>
    <subfield code="c">DISPLAY</subfield>
    <subfield code="d">2025-06-10</subfield>
    <subfield code="e">Donaci&#xF3;n</subfield>
    <subfield code="i">IVGL 000486</subfield>
    <subfield code="l">0</subfield>
    <subfield code="o">S.G. 070.009 B276</subfield>
    <subfield code="p">500452</subfield>
    <subfield code="r">2025-06-10 15:18:04</subfield>
    <subfield code="t">c.3</subfield>
    <subfield code="w">2025-06-10</subfield>
    <subfield code="y">BK</subfield>
  </datafield>
</record>
